[Event "Klatovy op 28th"]
[Site "Klatovy"]
[Date "2022.07.06"]
[Round "5"]
[White "Formanek, Martin"]
[Black "Skola, Miroslav"]
[Result "1/2-1/2"]
[WhiteElo "2233"]
[BlackElo "2086"]
[PlyCount "36"]
[EventDate "2022.07.02"]
[EventType "swiss"]
[EventRounds "9"]
[EventCountry "CZE"]
[SourceTitle "EXT 2023"]
[Source "ChessBase"]
[SourceDate "2022.10.05"]
[SourceVersion "1"]
[SourceVersionDate "2022.10.05"]
[SourceQuality "1"]

1. e4 Nc6 2. Nc3 e5 3. g3 g6 4. Bg2 Bg7 5. d3 d6 6. Be3 Nge7 7. Nf3 Nd4 8. Bxd4 exd4 9. Ne2 c5 10. 0-0 0-0 11. Nd2 Rb8 12. a4 b6 13. Nf4 Bh6 14. Nd5 Nxd5 15. exd5 Bxd2 16. Qxd2 Qf6 17. Rae1 Bd7 18. b3 Rfe8 1/2-1/2

[Event "CZE-chT2F 2122"]
[Site "Czech Republic"]
[Date "2021.10.17"]
[Round "1.6"]
[White "Skola, Miroslav"]
[Black "Cupek, Martin"]
[Result "1-0"]
[WhiteElo "2058"]
[BlackElo "2088"]
[PlyCount "117"]
[EventDate "2021.10.17"]
[EventType "team-tourn"]
[EventRounds "11"]
[EventCountry "CZE"]
[SourceTitle "EXT 2024"]
[Source "ChessBase"]
[SourceDate "2023.10.10"]
[SourceVersion "1"]
[SourceVersionDate "2023.10.10"]
[SourceQuality "1"]
[WhiteTeam "Ostrava"]
[BlackTeam "Trinec II"]
[WhiteTeamCountry "CZE"]
[BlackTeamCountry "CZE"]

1. e4 d6 2. d4 Nd7 3. Nc3 e5 4. Nf3 c6 5. a4 a5 6. Bc4 g6 7. 0-0 f6 8. Re1 Nh6 9. h3 Qe7 10. d5 c5 11. Bb5 Bg7 12. Nd2 0-0 13. Nc4 f5 14. Bxd7 Bxd7 15. Nb6 Ra6 16. Nxd7 Qxd7 17. f3 f4 18. Ra3 Nf7 19. Rb3 Bf6 20. Qe2 Bd8 21. Qb5 Qxb5 22. Nxb5 Kg7 23. Kf1 h5 24. Ke2 Rg8 25. Bd2 Kf8 26. Na3 b6 27. Nc4 g5 28. Rh1 Ke8 29. Be1 Kd7 30. Bf2 Kc7 31. Rb5 Be7 32. Ra1 Rga8 33. Ra3 Bd8 34. Rab3 Kc8 35. Rxb6 Bxb6 36. Nxb6+ Kc7 37. Nxa8+ Rxa8 38. Be1 Nd8 39. Rb5 Nb7 40. Kd3 h4 41. Kc4 Ra6 42. b3 Ra8 43. Kd3 Ra6 44. Bc3 Kb8 45. Kd2 Ka7 46. Kc1 Rb6 47. Be1 Ka6 48. Rxb6+ Kxb6 49. Kd2 Ka6 50. Kd3 Nd8 51. c3 Nb7 52. Kc4 Kb6 53. Bf2 Ka6 54. Bg1 Nd8 55. Bxc5 dxc5 56. Kxc5 g4 57. hxg4 Kb7 58. Kd6 Nf7+ 59. Ke6 1-0

[Event "Ceske Budejovice op-A"]
[Site "Ceske Budejovice"]
[Date "2020.07.05"]
[Round "5"]
[White "Jirousek, Jan"]
[Black "Skola, Miroslav"]
[Result "1-0"]
[WhiteElo "1914"]
[BlackElo "2072"]
[PlyCount "127"]
[EventDate "2020.07.01"]
[EventType "swiss"]
[EventRounds "9"]
[EventCountry "CZE"]
[SourceTitle "CBM 197 Extra"]
[Source "ChessBase"]
[SourceDate "2020.09.30"]
[SourceVersion "1"]
[SourceVersionDate "2020.09.30"]
[SourceQuality "1"]

1. d4 d5 2. Nf3 Nf6 3. c4 c6 4. Nc3 a6 5. a4 e6 6. e3 Nbd7 7. Be2 b6 8. 0-0 Bb7 9. cxd5 cxd5 10. b3 Bd6 11. Ba3 Qe7 12. Bxd6 Qxd6 13. Rc1 0-0 14. Qd2 Rfc8 15. Na2 Qa3 16. Rb1 Ne4 17. Qb2 Qxb2 18. Rxb2 Nc3 19. Nxc3 Rxc3 20. Ra1 Rac8 21. Bd1 Kf8 22. Kf1 Ke7 23. Ng1 Kd6 24. Ne2 R3c7 25. Raa2 a5 26. Rc2 Ba6 27. Rxc7 Rxc7 28. Rc2 e5 29. Ke1 Bxe2 30. Kxe2 h6 31. Rxc7 Kxc7 32. Kd3 Kd6 33. Kc3 g5 34. dxe5+ Kxe5 35. Bc2 f6 36. f3 Nb8 37. g3 Nc6 38. f4+ Kd6 39. e4 gxf4 40. exd5 fxg3 41. Be4 Ne7 42. hxg3 Nxd5+ 43. Kd4 Ne7 44. Kc4 f5 45. Bd3 h5 46. Be2 f4 47. gxf4 h4 48. Kb5 Nd5 49. Bf3 h3 50. f5 Ke5 51. f6 Nxf6 52. Kxb6 Ne4 53. Kxa5 Nd2 54. Bh1 Nxb3+ 55. Kb4 Nd4 56. a5 Kd6 57. a6 Ne6 58. Ka5 Kc5 59. a7 Nc7 60. Bf3 h2 61. Bh1 Kd6 62. Kb6 Kd7 63. Kb7 Kd8 64. Bc6 1-0

[Event "Ceske Budejovice op-A"]
[Site "Ceske Budejovice"]
[Date "2020.07.03"]
[Round "3"]
[White "Cipl, Jan"]
[Black "Skola, Miroslav"]
[Result "1/2-1/2"]
[WhiteElo "1532"]
[BlackElo "2072"]
[PlyCount "102"]
[EventDate "2020.07.01"]
[EventType "swiss"]
[EventRounds "9"]
[EventCountry "CZE"]
[SourceTitle "CBM 197 Extra"]
[Source "ChessBase"]
[SourceDate "2020.09.30"]
[SourceVersion "1"]
[SourceVersionDate "2020.09.30"]
[SourceQuality "1"]

1. e4 e6 2. d4 d5 3. exd5 exd5 4. Nf3 Bd6 5. c4 c6 6. Nc3 Ne7 7. Bd3 dxc4 8. Bxc4 0-0 9. 0-0 Nd7 10. Bg5 Nb6 11. Bb3 Bf5 12. Re1 h6 13. Bxe7 Bxe7 14. Ne5 Bd6 15. Qh5 Qf6 16. Ne4 Bxe4 17. Rxe4 Bxe5 18. dxe5 Qe7 19. e6 Kh8 20. Rae1 f5 21. Re5 f4 22. Qg6 Rf6 23. Qh5 Re8 24. Rf5 Ref8 25. Rxf6 Rxf6 26. Kf1 Kh7 27. Qf7 Qxf7 28. exf7 Nd5 29. Bxd5 cxd5 30. Re7 Kg6 31. Rxb7 a6 32. Ra7 Kf5 33. Re7 g5 34. Ke2 g4 35. f3 h5 36. Kd3 Kg6 37. Kd4 Kg7 38. Kxd5 h4 39. Ke5 Rb6 40. b3 h3 41. Kxf4 hxg2 42. Re1 Rf6+ 43. Kg3 gxf3 44. Kf2 Kxf7 45. b4 Kg6 46. Rb1 Kh5 47. a4 Rg6 48. b5 axb5 49. axb5 Kh4 50. b6 g1Q+ 51. Rxg1 Rxb6 1/2-1/2

[Event "CZE-chT2F 1920"]
[Site "Czech Republic"]
[Date "2020.02.23"]
[Round "9.6"]
[White "Skola, Miroslav"]
[Black "Hrbacek, Miroslav"]
[Result "1-0"]
[WhiteElo "2074"]
[BlackElo "1920"]
[PlyCount "65"]
[EventDate "2019.10.13"]
[EventType "team-tourn"]
[EventRounds "11"]
[EventCountry "CZE"]
[SourceTitle "EXT 2024"]
[Source "ChessBase"]
[SourceDate "2023.10.10"]
[SourceVersion "1"]
[SourceVersionDate "2023.10.10"]
[SourceQuality "1"]
[WhiteTeam "Ostrava TJ Nova Hut II"]
[BlackTeam "Vrbno pod Pradedem"]
[WhiteTeamCountry "CZE"]
[BlackTeamCountry "CZE"]

1. e4 e5 2. Nf3 Nc6 3. Be2 Be7 4. 0-0 Nf6 5. d3 0-0 6. c3 d5 7. Nbd2 dxe4 8. dxe4 Bg4 9. Qc2 Bc5 10. Nc4 Bxf3 11. Bxf3 b5 12. Be3 Qe7 13. b4 Bb6 14. Nxb6 cxb6 15. Qd3 Rac8 16. Qxb5 Qe6 17. h3 Ne7 18. Rfc1 Rc4 19. Qa6 Nxe4 20. Qxa7 Nd5 21. a4 Nxe3 22. fxe3 Qh6 23. Re1 Nxc3 24. a5 Rxb4 25. a6 e4 26. Bg4 f5 27. Qe7 Nd5 28. Qd7 Nf6 29. Qe6+ Kh8 30. a7 Ra8 31. Qc6 Rxa7 32. Rxa7 fxg4 33. Ra8+ 1-0

[Event "CZE-chT2F 1920"]
[Site "Czech Republic"]
[Date "2020.01.12"]
[Round "6.5"]
[White "Skola, Miroslav"]
[Black "Funiok, Marcel"]
[Result "0-1"]
[WhiteElo "2071"]
[BlackElo "2087"]
[PlyCount "158"]
[EventDate "2019.10.13"]
[EventType "team-tourn"]
[EventRounds "11"]
[EventCountry "CZE"]
[SourceTitle "EXT 2024"]
[Source "ChessBase"]
[SourceDate "2023.10.10"]
[SourceVersion "1"]
[SourceVersionDate "2023.10.10"]
[SourceQuality "1"]
[WhiteTeam "Ostrava TJ Nova Hut II"]
[BlackTeam "Havirov Banik"]
[WhiteTeamCountry "CZE"]
[BlackTeamCountry "CZE"]

1. e4 e6 2. d4 d5 3. e5 c5 4. c3 Nc6 5. Nf3 Bd7 6. a3 cxd4 7. cxd4 Nh6 8. Nc3 Nf5 9. b4 h5 10. h4 Qb6 11. Na4 Qd8 12. Bb2 Be7 13. g3 Rc8 14. Bd3 g6 15. Nc5 Rc7 16. Rc1 Nb8 17. Qe2 Kf8 18. Nxd7+ Qxd7 19. Rxc7 Qxc7 20. 0-0 Kg7 21. Rc1 Qb6 22. b5 Re8 23. Qc2 Rd8 24. Qc7 Qxc7 25. Rxc7 Rd7 26. Rc2 Nh6 27. Nd2 Kf8 28. Nb3 b6 29. Bc1 Nf5 30. Bd2 Ke8 31. a4 Kd8 32. a5 Rc7 33. axb6 axb6 34. Ra2 Kc8 35. Kg2 Kb7 36. Kh3 Rc8 37. f3 Rh8 38. Ra4 Nd7 39. Na1 f6 40. f4 Rg8 41. Nc2 Nh6 42. exf6 Nxf6 43. Bb4 Bd8 44. Ra1 Nfg4 45. Kg2 Nf5 46. Re1 Re8 47. Bxf5 gxf5 48. Bd6 Nf6 49. Kh2 Ne4 50. Be5 Be7 51. Re3 Ra8 52. Ne1 Ra2+ 53. Kg1 Rb2 54. Nf3 Nxg3 55. Ng5 Ne4 56. Rh3 Rxb5 57. Nxe6 Rb1+ 58. Kg2 Rb2+ 59. Kg1 Nd2 60. Ng7 Bxh4 61. Nxf5 Be1 62. Re3 h4 63. Kh1 Rb1 64. Kg2 Ne4 65. Nd6+ Nxd6 66. Bxd6 Bg3 67. Rf3 Rb2+ 68. Kh3 Rf2 69. Rxf2 Bxf2 70. f5 Kc6 71. Be7 Kd7 72. Bb4 Ke8 73. Bc3 Kf7 74. Kg2 Be3 75. Kf3 h3 76. Kg3 Kf6 77. Kxh3 Kxf5 78. Kg2 Ke4 79. Kf1 Kd3 0-1

[Event "Pardubice Czech op-C 30th"]
[Site "Pardubice"]
[Date "2019.07.26"]
[Round "8"]
[White "Turecek, Vaclav"]
[Black "Skola, Miroslav"]
[Result "0-1"]
[WhiteElo "1872"]
[BlackElo "2074"]
[PlyCount "106"]
[EventDate "2019.07.20"]
[EventType "swiss"]
[EventRounds "9"]
[EventCountry "CZE"]
[SourceTitle "EXT 2020"]
[Source "ChessBase"]
[SourceDate "2019.10.17"]
[SourceVersion "1"]
[SourceVersionDate "2019.10.17"]
[SourceQuality "1"]

1. d4 d5 2. c4 c6 3. Nf3 Nf6 4. Nc3 a6 5. e3 b5 6. c5 Bg4 7. Be2 Nbd7 8. a3 Bxf3 9. gxf3 e5 10. b4 g6 11. Bb2 exd4 12. Qxd4 Bg7 13. f4 0-0 14. h4 Ne4 15. Qd3 a5 16. h5 axb4 17. axb4 Rxa1+ 18. Bxa1 Qf6 19. Qd4 Qxd4 20. exd4 Bxd4 21. Nxd5 Bxf2+ 22. Kf1 Bxc5 23. bxc5 cxd5 24. Bxb5 Ndxc5 25. Kg2 Ne6 26. Kf3 Ra8 27. Be5 f6 28. Bd7 Ra3+ 29. Kg2 N6c5 30. Bc6 fxe5 31. Bxd5+ Kg7 32. fxe5 Rg3+ 33. Kh2 Rg5 34. hxg6 hxg6 35. Rf1 Rxe5 36. Rf7+ Kh6 37. Bc6 Re6 38. Bd5 Rd6 39. Ba8 Rd2+ 40. Kg1 Ng3 41. Rf2 Rd1+ 42. Kg2 Nf5 43. Ra2 Kg5 44. Rb2 Nd3 45. Rb6 Nf4+ 46. Kf2 Rd2+ 47. Kf3 Re2 48. Rb5 Re3+ 49. Kf2 Kg4 50. Rb4 Re2+ 51. Kg1 Kg3 52. Rb3+ Ne3 53. Rb1 Nh3+ 0-1

[Event "CZE-chT1E 1819"]
[Site "Czech Republic"]
[Date "2019.03.03"]
[Round "9.8"]
[White "Cagasik, Tomas"]
[Black "Skola, Miroslav"]
[Result "1/2-1/2"]
[WhiteElo "2166"]
[BlackElo "2050"]
[PlyCount "55"]
[EventDate "2018.10.21"]
[EventType "team-tourn"]
[EventRounds "11"]
[EventCountry "CZE"]
[SourceTitle "CBM 189 Extra"]
[Source "ChessBase"]
[SourceDate "2019.06.03"]
[SourceVersion "1"]
[SourceVersionDate "2019.06.03"]
[SourceQuality "1"]
[WhiteTeam "Kromeriz"]
[BlackTeam "Ostrava"]
[WhiteTeamCountry "CZE"]
[BlackTeamCountry "CZE"]

1. f4 d5 2. Nf3 Nf6 3. d4 Ne4 4. e3 Nd7 5. Bd3 Ndf6 6. Nbd2 Bf5 7. Ne5 Qc8 8. Ndf3 h6 9. c4 c6 10. cxd5 Nxd5 11. Nh4 e6 12. Qf3 Ndf6 13. g4 Bh7 14. 0-0 Qc7 15. Neg6 fxg6 16. Bxe4 Nxe4 17. Qxe4 Kf7 18. Nxg6 Bxg6 19. f5 exf5 20. gxf5 Bxf5 21. Rxf5+ Kg8 22. Qe6+ Kh7 23. Rf7 Qa5 24. e4 Qe1+ 25. Kg2 Qe2+ 26. Rf2 Qh5 27. Rf7 Qe2+ 28. Rf2 1/2-1/2

[Event "CZE-chT2F 1718"]
[Site "Czech Republic"]
[Date "2018.04.08"]
[Round "11.3"]
[White "Skola, Miroslav"]
[Black "Zdrazil, Tomas"]
[Result "0-1"]
[WhiteElo "2115"]
[BlackElo "2044"]
[PlyCount "50"]
[EventDate "2017.10.15"]
[EventType "team-tourn"]
[EventRounds "11"]
[EventCountry "CZE"]
[SourceTitle "EXT 2022"]
[Source "ChessBase"]
[SourceDate "2021.10.06"]
[SourceVersion "1"]
[SourceVersionDate "2021.10.06"]
[SourceQuality "1"]
[WhiteTeam "Benesov Dolni"]
[BlackTeam "Olomouc ASK"]
[WhiteTeamCountry "CZE"]
[BlackTeamCountry "CZE"]

1. e4 c5 2. c3 d5 3. exd5 Qxd5 4. d4 g6 5. Nf3 Bg7 6. Be3 cxd4 7. Bxd4 Nf6 8. Nbd2 0-0 9. Bc4 Qf5 10. 0-0 Nc6 11. Re1 Nxd4 12. Nxd4 Qc5 13. Qe2 e6 14. a4 Bd7 15. a5 a6 16. N4b3 Qc7 17. Bd3 Rad8 18. Nc4 Nd5 19. g3 Bb5 20. Ne5 Bxe5 21. Bxb5 Bxc3 22. Rec1 axb5 23. Qxb5 Rc8 24. Kg2 Qe5 25. bxc3 Ne3+ 0-1

[Event "CZE-chT2F 1718"]
[Site "Czech Republic"]
[Date "2018.03.18"]
[Round "10.2"]
[White "Skola, Miroslav"]
[Black "Kubik, Michael"]
[Result "0-1"]
[WhiteElo "2115"]
[BlackElo "2259"]
[PlyCount "68"]
[EventDate "2017.10.15"]
[EventType "team-tourn"]
[EventRounds "11"]
[EventCountry "CZE"]
[SourceTitle "EXT 2022"]
[Source "ChessBase"]
[SourceDate "2021.10.06"]
[SourceVersion "1"]
[SourceVersionDate "2021.10.06"]
[SourceQuality "1"]
[WhiteTeam "Benesov Dolni"]
[BlackTeam "Frydek Mistek III"]
[WhiteTeamCountry "CZE"]
[BlackTeamCountry "CZE"]

1. e4 c5 2. c3 d5 3. exd5 Qxd5 4. d4 Nf6 5. Nf3 e6 6. a3 Be7 7. Be3 cxd4 8. cxd4 0-0 9. Nc3 Qd8 10. Bd3 b6 11. 0-0 Nc6 12. Qe2 Bb7 13. Rad1 Rc8 14. Rfe1 Qc7 15. Bb1 Na5 16. Ne5 Nc6 17. Bg5 Nxe5 18. dxe5 Nd5 19. Nb5 Qd8 20. Qe4 g6 21. Bxe7 Qxe7 22. Nd6 Rc5 23. Nxb7 Qxb7 24. Ba2 Rd8 25. g3 Qc6 26. Re2 Rc1 27. Red2 Kg7 28. h4 a5 29. Kh2 Rxd1 30. Rxd1 Qc5 31. Qd4 Qc2 32. Qd2 Qe4 33. Qd4 Qf3 34. Rd3 Ne3 0-1

[Event "CZE-chT1E 1718"]
[Site "Czech Republic"]
[Date "2018.01.07"]
[Round "5.5"]
[White "Bares, Jachym"]
[Black "Skola, Miroslav"]
[Result "0-1"]
[WhiteElo "1987"]
[BlackElo "2115"]
[PlyCount "48"]
[EventDate "2017.10.22"]
[EventType "team-tourn"]
[EventRounds "11"]
[EventCountry "CZE"]
[SourceTitle "EXT 2019"]
[Source "ChessBase"]
[SourceDate "2018.10.10"]
[SourceVersion "1"]
[SourceVersionDate "2018.10.10"]
[SourceQuality "1"]
[WhiteTeam "Grygov"]
[BlackTeam "Ostrava"]
[WhiteTeamCountry "CZE"]
[BlackTeamCountry "CZE"]

1. e4 e6 2. d4 d5 3. Nc3 Nf6 4. Bg5 Be7 5. e5 Nfd7 6. h4 h6 7. Bxe7 Qxe7 8. Bd3 a6 9. Qg4 0-0 10. Rh3 c5 11. Rg3 f5 12. exf6 Nxf6 13. Qg6 cxd4 14. Nb1 e5 15. Nd2 Nc6 16. 0-0-0 Kh8 17. Re1 e4 18. f4 Bd7 19. Nh3 Be8 20. Qf5 g6 21. Rxg6 Qh7 22. h5 Bd7 23. Qxf6+ Rxf6 24. Rxf6 exd3 0-1

[Event "CZE-chT2F 1516"]
[Site "Czech Republic"]
[Date "2016.04.17"]
[Round "11.64"]
[White "Skola, Miroslav"]
[Black "Fargac, Martin"]
[Result "0-1"]
[WhiteElo "2188"]
[BlackElo "2221"]
[PlyCount "56"]
[EventDate "2015.10.18"]
[EventType "team-tourn"]
[EventRounds "11"]
[EventCountry "CZE"]
[SourceTitle "EXT 2022"]
[Source "ChessBase"]
[SourceDate "2021.10.06"]
[SourceVersion "1"]
[SourceVersionDate "2021.10.06"]
[SourceQuality "1"]
[WhiteTeam "Benesov Dolni"]
[BlackTeam "Trinec II"]
[WhiteTeamCountry "CZE"]
[BlackTeamCountry "CZE"]

1. e4 e5 2. Nf3 Nc6 3. Be2 Nf6 4. d3 d5 5. Nbd2 Be7 6. 0-0 0-0 7. c3 Re8 8. a3 a5 9. b3 Bc5 10. Bb2 Qe7 11. b4 axb4 12. cxb4 Ba7 13. Qc2 Bg4 14. Nb3 Rad8 15. Rac1 dxe4 16. dxe4 Nd4 17. Nfxd4 exd4 18. Bxg4 Nxg4 19. Qxc7 Qxe4 20. Nc5 Bxc5 21. Qxc5 Rd5 22. Qc7 Rg5 23. Qg3 Rg6 24. f3 Qe3+ 25. Kh1 Nxh2 26. Rfe1 Rxg3 27. Rxe3 dxe3 28. Kxh2 Rg6 0-1

[Event "CZE-chT2F 1516"]
[Site "Czech Republic"]
[Date "2016.01.10"]
[Round "5.5"]
[White "Bednarik, Josef"]
[Black "Skola, Miroslav"]
[Result "0-1"]
[WhiteElo "2090"]
[BlackElo "2188"]
[PlyCount "137"]
[EventDate "2015.10.18"]
[EventType "team-tourn"]
[EventRounds "11"]
[EventCountry "CZE"]
[SourceTitle "EXT 2022"]
[Source "ChessBase"]
[SourceDate "2021.10.06"]
[SourceVersion "1"]
[SourceVersionDate "2021.10.06"]
[SourceQuality "1"]
[WhiteTeam "Hostalkova"]
[BlackTeam "Benesov Dolni"]
[WhiteTeamCountry "CZE"]
[BlackTeamCountry "CZE"]

1. e4 e6 2. Nc3 d5 3. d3 Nf6 4. g3 dxe4 5. dxe4 Qxd1+ 6. Kxd1 Bc5 7. f3 e5 8. Bg5 Nbd7 9. Bc4 c6 10. h4 h6 11. Bd2 b5 12. Bd3 Nb6 13. a3 a5 14. g4 Be6 15. Ke2 Bc4 16. Bxc4 Nxc4 17. Bc1 Bd4 18. Nd1 a4 19. c3 Ba7 20. Rb1 Nd7 21. Ne3 Nxe3 22. Bxe3 Bxe3 23. Kxe3 Nb6 24. Nh3 Nc4+ 25. Ke2 0-0-0 26. Rhd1 Rxd1 27. Rxd1 Nxb2 28. Rd2 Nc4 29. Ra2 Kc7 30. Nf2 Kb6 31. Nd3 f6 32. h5 Rd8 33. Ra1 Na5 34. Ra2 Nb3 35. Rc2 Rd7 36. Rb2 Rd6 37. Rc2 Nc5 38. Nb2 Ne6 39. Ke3 Ka5 40. Nd3 c5 41. Rc1 Rd7 42. Rb1 Rb7 43. Rc1 Rb6 44. Rc2 Ka6 45. Rc1 Kb7 46. Rd1 Kc6 47. Rd2 Rb7 48. Rd1 Rd7 49. Rb1 Ng5 50. Rf1 Kb6 51. Ke2 Ne6 52. Ke3 b4 53. cxb4 c4 54. Nb2 Kb5 55. Rc1 Rd4 56. Rc2 Nf4 57. Rc3 g6 58. hxg6 Nxg6 59. Rc1 Nf4 60. Rc3 h5 61. gxh5 Nxh5 62. Rc2 Nf4 63. Rc3 f5 64. Rc2 fxe4 65. fxe4 Ne6 66. Rg2 c3 67. Nd3 Rxd3+ 68. Kxd3 Nf4+ 69. Kxc3 0-1

[Event "Ostrava op-A"]
[Site "Ostrava"]
[Date "2003.05.08"]
[Round "7"]
[White "Gutdeutsch, Otto"]
[Black "Skola, Miroslav"]
[Result "0-1"]
[WhiteElo "2041"]
[BlackElo "2153"]
[PlyCount "84"]
[EventDate "2003.05.03"]
[EventType "swiss"]
[EventRounds "10"]
[EventCountry "CZE"]
[SourceTitle "EXT 2006"]
[Source "ChessBase"]
[SourceDate "2005.11.24"]
[SourceVersion "1"]
[SourceVersionDate "2005.11.24"]
[SourceQuality "1"]

1. e4 e6 2. d4 d5 3. Nd2 c5 4. Ngf3 cxd4 5. Nxd4 Nc6 6. Nxc6 bxc6 7. Nf3 Qb6 8. Bd3 Ba6 9. Be3 Bc5 10. Bxc5 Qxc5 11. Bxa6 Qa5+ 12. Nd2 Qxa6 13. Qe2 Qxe2+ 14. Kxe2 Nf6 15. e5 Nd7 16. f4 Ke7 17. Rhf1 f6 18. Nf3 Rab8 19. Nd4 Rb6 20. exf6+ gxf6 21. Kd2 c5 22. Nb3 Rg8 23. g3 Kd6 24. Rae1 Rg7 25. Rf2 e5 26. Kc1 Re7 27. c3 c4 28. Nd2 Nc5 29. fxe5+ Kd7 30. Rf3 Nd3+ 31. Rxd3 cxd3 32. Nf3 Rbe6 33. Kd2 fxe5 34. Ng1 e4 35. h4 Rg6 36. Nh3 Rxg3 37. Nf4 Kd6 38. Rh1 Rf7 39. Nh3 Rff3 40. Ng5 Rf2+ 41. Ke1 Rxb2 42. Rh3 Rg1# 0-1

[Event "Ostrava op-A"]
[Site "Ostrava"]
[Date "2003.05.04"]
[Round "2"]
[White "Skola, Miroslav"]
[Black "Michenka, Jozef"]
[Result "0-1"]
[WhiteElo "2153"]
[BlackElo "2332"]
[PlyCount "50"]
[EventDate "2003.05.03"]
[EventType "swiss"]
[EventRounds "10"]
[EventCountry "CZE"]
[SourceTitle "EXT 2006"]
[Source "ChessBase"]
[SourceDate "2005.11.24"]
[SourceVersion "1"]
[SourceVersionDate "2005.11.24"]
[SourceQuality "1"]

1. e4 c5 2. Nf3 Nc6 3. d4 cxd4 4. Nxd4 Nf6 5. Nc3 d6 6. Bg5 e6 7. Qd2 a6 8. 0-0-0 h6 9. Be3 Ng4 10. Bc4 Nxe3 11. Qxe3 Bd7 12. Kb1 Be7 13. f4 Nxd4 14. Qxd4 0-0 15. Rd3 Bc6 16. g4 b5 17. Bb3 a5 18. a4 b4 19. Nb5 Bxb5 20. axb5 a4 21. Bc4 Qa5 22. h4 d5 23. exd5 Bf6 24. Qf2 a3 25. bxa3 Bc3 0-1

[Event "Ostrava op-A"]
[Site "Ostrava"]
[Date "2003.05.03"]
[Round "1"]
[White "Halamka, Pavel"]
[Black "Skola, Miroslav"]
[Result "0-1"]
[WhiteElo "1809"]
[BlackElo "2153"]
[PlyCount "58"]
[EventDate "2003.05.03"]
[EventType "swiss"]
[EventRounds "10"]
[EventCountry "CZE"]
[SourceTitle "EXT 2006"]
[Source "ChessBase"]
[SourceDate "2005.11.24"]
[SourceVersion "1"]
[SourceVersionDate "2005.11.24"]
[SourceQuality "1"]

1. e4 d5 2. exd5 Nf6 3. Nc3 Nxd5 4. d4 g6 5. Nf3 Bg7 6. Bc4 c6 7. Bg5 0-0 8. Qd2 Re8 9. Bxd5 cxd5 10. 0-0-0 Bg4 11. Qf4 Be6 12. Bh6 Bf6 13. h4 a6 14. h5 Nc6 15. hxg6 fxg6 16. Bg5 Rf8 17. Bxf6 exf6 18. Rh6 g5 19. Qg3 Bf5 20. Nh4 Ne7 21. Re1 Bc8 22. Rxf6 Rxf6 23. Qxg5+ Kf7 24. Nf3 Qd6 25. Ne5+ Ke8 26. Qg7 Rf8 27. Qxh7 Be6 28. Ng6 Nxg6 29. Qxg6+ Kd7 0-1

[Event "Morava-chT 9900"]
[Site "Czech Republic"]
[Date "2000.??.??"]
[Round "6"]
[White "Skola, Miroslav"]
[Black "Buran, Jaroslav"]
[Result "1-0"]
[WhiteElo "2251"]
[BlackElo "2160"]
[PlyCount "169"]
[EventDate "1999.??.??"]
[EventType "team-tourn"]
[EventRounds "11"]
[EventCountry "CZE"]
[SourceTitle "EXT 2001"]
[Source "ChessBase"]
[SourceDate "2000.11.22"]
[SourceVersion "1"]
[SourceVersionDate "2000.11.22"]
[SourceQuality "1"]

1. e4 Nf6 2. d3 c5 3. g3 d5 4. Nd2 Nc6 5. Bg2 e5 6. Ne2 Be7 7. 0-0 0-0 8. exd5 Nxd5 9. a4 Bg4 10. Nc4 Qd7 11. Ne3 Be6 12. Nxd5 Bxd5 13. Nc3 Bxg2 14. Kxg2 f5 15. f4 Bf6 16. Be3 b6 17. Qf3 Nb4 18. Rf2 Rae8 19. a5 exf4 20. gxf4 Rxe3 21. Qxe3 Bd4 22. Qf3 Bxf2 23. axb6 axb6 24. Qxf2 Qc6+ 25. Qf3 Qxf3+ 26. Kxf3 Nxc2 27. Ra6 Nd4+ 28. Kg3 b5 29. Rb6 b4 30. Na4 Rc8 31. Rd6 g6 32. Kf2 Nb3 33. Nb6 Rc7 34. h4 Kg7 35. Nc4 Kh6 36. Kg3 Ra7 37. Ne5 Nc1 38. Kf3 Kh5 39. d4 Nb3 40. d5 Nd2+ 41. Ke3 Ne4 42. Re6 Ra1 43. d6 Re1+ 44. Kf3 Rd1 45. d7 c4 46. Re8 c3 47. bxc3 b3 48. Rb8 b2 49. Rxb2 Nc5 50. Ke2 Rxd7 51. Nxd7 Nxd7 52. Kf3 Nc5 53. c4 Ne4 54. Rc2 Nc5 55. Kg3 h6 56. Re2 g5 57. hxg5 hxg5 58. fxg5 Kxg5 59. Kf3 Kf6 60. Re8 Ne6 61. Ke3 Ke5 62. Re7 Kd6 63. Rf7 f4+ 64. Kd3 Nc5+ 65. Kc3 Ke5 66. Re7+ Ne6 67. Kd3 Kf5 68. Ra7 Kg4 69. Re7 Kf5 70. Rh7 Kg4 71. Rh6 Nc5+ 72. Kd4 Nb3+ 73. Kc3 Nc5 74. Kd4 Nb3+ 75. Ke5 Nc5 76. Rg6+ Kf3 77. Kd5 Ne4 78. Re6 Ng5 79. Re5 Kg4 80. c5 f3 81. Re1 f2 82. Rf1 Kf3 83. c6 Nh7 84. c7 Nf6+ 85. Ke6 1-0

[Event "Morava-chT 9900"]
[Site "Czech Republic"]
[Date "2000.??.??"]
[Round "7"]
[White "Skola, Miroslav"]
[Black "Uhmann, Jan"]
[Result "1-0"]
[WhiteElo "2251"]
[BlackElo "2222"]
[PlyCount "79"]
[EventDate "1999.??.??"]
[EventType "team-tourn"]
[EventRounds "11"]
[EventCountry "CZE"]
[SourceTitle "EXT 2001"]
[Source "ChessBase"]
[SourceDate "2000.11.22"]
[SourceVersion "1"]
[SourceVersionDate "2000.11.22"]
[SourceQuality "1"]

1. Nf3 d5 2. g3 Nf6 3. Bg2 e6 4. 0-0 Be7 5. d3 c5 6. Nbd2 0-0 7. e4 Nc6 8. e5 Nd7 9. Re1 Re8 10. h4 f6 11. exf6 Bxf6 12. Nf1 Nde5 13. Ng5 h6 14. Nh3 Re7 15. Nh2 Bd7 16. f4 Nf7 17. c3 d4 18. Ng4 Re8 19. c4 g6 20. h5 gxh5 21. Nxf6+ Qxf6 22. Qxh5 Qf5 23. Qxf5 exf5 24. Bd2 Nd6 25. Kf2 Kf7 26. Ng1 Rxe1 27. Rxe1 b5 28. cxb5 Nxb5 29. Rc1 Rc8 30. Rxc5 Ne7 31. Rxc8 Bxc8 32. Bb4 Nc7 33. Bc5 Ne6 34. Bxa7 Ba6 35. Ke2 Nc8 36. Bb8 Nc5 37. Bd5+ Ke7 38. Bc4 Nd6 39. Bxd6+ Kxd6 40. b4 1-0

[Event "Morava-chT 9900"]
[Site "Czech Republic"]
[Date "1999.??.??"]
[Round "1"]
[White "Dobrovolsky, Ladislav"]
[Black "Skola, Miroslav"]
[Result "1-0"]
[WhiteElo "2396"]
[BlackElo "2251"]
[PlyCount "37"]
[EventDate "1999.??.??"]
[EventType "team-tourn"]
[EventRounds "11"]
[EventCountry "CZE"]
[SourceTitle "EXT 2001"]
[Source "ChessBase"]
[SourceDate "2000.11.22"]
[SourceVersion "1"]
[SourceVersionDate "2000.11.22"]
[SourceQuality "1"]

1. e4 e6 2. d4 d5 3. Nd2 c5 4. exd5 Qxd5 5. Ngf3 cxd4 6. Bc4 Qd6 7. 0-0 Nc6 8. Nb3 Nf6 9. Nbxd4 Nxd4 10. Qxd4 Qxd4 11. Nxd4 a6 12. Bf4 Be7 13. Be2 0-0 14. Bf3 Rd8 15. Rad1 Nd5 16. Be5 Bd6 17. Bxd6 Rxd6 18. c4 Nc7 19. Nb5 1-0

[Event "Morava-chT 9900"]
[Site "Czech Republic"]
[Date "1999.??.??"]
[Round "2"]
[White "Markovic, Milan2222"]
[Black "Skola, Miroslav"]
[Result "1-0"]
[WhiteElo "2150"]
[BlackElo "2251"]
[PlyCount "51"]
[EventDate "1999.??.??"]
[EventType "team-tourn"]
[EventRounds "11"]
[EventCountry "CZE"]
[SourceTitle "EXT 2001"]
[Source "ChessBase"]
[SourceDate "2000.11.22"]
[SourceVersion "1"]
[SourceVersionDate "2000.11.22"]
[SourceQuality "1"]

1. e4 e6 2. d4 d5 3. Nc3 Bb4 4. e5 c5 5. a3 Bxc3+ 6. bxc3 Ne7 7. Qg4 Qc7 8. Bd3 cxd4 9. Ne2 Nbc6 10. cxd4 Bd7 11. 0-0 0-0-0 12. a4 f6 13. f4 h5 14. Qxg7 fxe5 15. fxe5 Rdg8 16. Qf6 Nf5 17. Bxf5 Rf8 18. Qh4 exf5 19. Qf2 Qa5 20. Nf4 Qc3 21. Ba3 Re8 22. Rfd1 Qc4 23. Bd6 b6 24. c3 Kb7 25. Qf3 Na5 26. Qxd5+ 1-0